Phân tích tình hình sản xuất và cung cấp giống tôm sú (Penaeus monodon) ở các tỉnh Đồng Bằng Sông Cửu Long : Luận văn Thạc sĩ chuyên ngành Nuôi trồng thuỷ sản
Nhằm làm rõ thực trạng sản xuất giống và kinh doanh tôm giống ở ĐBSCL. Trên cơ sở đó cung cấp các thông tin cho các bên liên quan và đề xuất các giải pháp cơ bản góp phần cải tiến hiệu quả của việc sản xuất giống và kinh doanh, cũng như co...
Αποθηκεύτηκε σε:
| Κύριος συγγραφέας: | |
|---|---|
| Μορφή: | Βιβλίο |
| Γλώσσα: | Undetermined |
| Έκδοση: |
Cần Thơ
Trường Đại học Cần Thơ
2011
|
| Θέματα: | |
| Ετικέτες: |
Προσθήκη ετικέτας
Δεν υπάρχουν, Καταχωρήστε ετικέτα πρώτοι!
|
| Thư viện lưu trữ: | Trung tâm Học liệu Trường Đại học Cần Thơ |
|---|
| LEADER | 01457nam a2200217Ia 4500 | ||
|---|---|---|---|
| 001 | CTU_171113 | ||
| 008 | 210402s9999 xx 000 0 und d | ||
| 082 | |a 639.68 | ||
| 082 | |b D308 | ||
| 088 | |a 606270 | ||
| 100 | |a Nguyễn, Tiến Diệt | ||
| 245 | 0 | |a Phân tích tình hình sản xuất và cung cấp giống tôm sú (Penaeus monodon) ở các tỉnh Đồng Bằng Sông Cửu Long : | |
| 245 | 0 | |b Luận văn Thạc sĩ chuyên ngành Nuôi trồng thuỷ sản | |
| 245 | 0 | |c Nguyễn Tiến Diệt ; Lê Xuân Sinh, Trần Ngọc Hải ( Hướng dẫn khoa học ) | |
| 260 | |a Cần Thơ | ||
| 260 | |b Trường Đại học Cần Thơ | ||
| 260 | |c 2011 | ||
| 520 | |a Nhằm làm rõ thực trạng sản xuất giống và kinh doanh tôm giống ở ĐBSCL. Trên cơ sở đó cung cấp các thông tin cho các bên liên quan và đề xuất các giải pháp cơ bản góp phần cải tiến hiệu quả của việc sản xuất giống và kinh doanh, cũng như công tác quản lý chất lượng tôm giống với sự quan tâm của người sản xuất và người sử dụng tôm giống | ||
| 650 | |a Nuôi tôm,Shrimp culture,Aquaculture,Nuôi trồng thủy sản | ||
| 904 | |i Tuyền, Hải | ||
| 980 | |a Trung tâm Học liệu Trường Đại học Cần Thơ | ||